| 000 | 00605pam a2200181 i 4500 | ||
|---|---|---|---|
| 020 | _a0898741157 | ||
| 082 | 0 | 0 |
_a658.456 _bHEG |
| 100 | 1 |
_aHegarty, Edward J. _936255 |
|
| 245 | 1 | 0 |
_aHow to run better meetings _cby Edward J. Hegarty. |
| 260 |
_aHuntington, N.Y. : _bR. E. Krieger Pub. Co., _c1981, c1957. |
||
| 300 |
_axiv, 312 p. : _bill. ; _c24 cm. |
||
| 500 | _aIncludes index. | ||
| 500 | _aReprint of the ed. published by McGraw-Hill, New York. | ||
| 526 |
_a0 _b0 _c0 _d658_456000000000000_HEG |
||
| 526 |
_a0 _b0 _c0 _d658_456000000000000_HEG |
||
| 650 | 0 |
_aMeetings. _bMCE _936256 |
|
| 942 |
_2ddc _cBK |
||
| 999 |
_c541411 _d541411 |
||